Diseño curricular : marco general
Guardado en:
| Formato: | Libro |
|---|---|
| Publicado: |
La Plata :
Consejo General de Cultura y Educación
|
| Materias: | |
| Etiquetas: |
Agregar Etiqueta
Sin Etiquetas, Sea el primero en etiquetar este registro!
|
| LEADER | 00942nam a22002175a 4500 | ||
|---|---|---|---|
| 001 | CEM.cems010986 | ||
| 005 | 20071219180335.0 | ||
| 008 | 130507b######################000#0#####d | ||
| 003 | CEMS | ||
| 082 | 0 | 4 | |a 375 |
| 245 | 0 | 0 | |a Diseño curricular : |b marco general |
| 260 | |a La Plata : |b Consejo General de Cultura y Educación | ||
| 300 | |a 33 p. | ||
| 500 | |a Nivel Polimodal | ||
| 505 | 0 | |a Consideraciones sobre la transformación educativa en la Provincia de Buenos Aires - Introducción - Fundamentos - Niveles de concreción del currículum y del diseño curricular - Evaluación y acreditación - Compensación - Proyecto educativo institucional - Consideraciones didácticas. | |
| 653 | |a Educación | ||
| 653 | |a Curriculum | ||
| 653 | |a Curriculum-buenos aires | ||
| 653 | |a Diseño curricular | ||
| 859 | |a CEMS |b BIB. CEMS - 11 de abril |h 375 |i B862-5 |p 1858.44 |t Ej.1 |v 0 |3 0 | ||
| 859 | |a CEMS |b BIB. CEMS - 11 de abril |h 375 |i B862-5 |p 1862.44 |t Ej.2 |v 0 |3 0 | ||
